| 000 | 00328nam a2200133 4500 | ||
|---|---|---|---|
| 005 | 20260530113844.0 | ||
| 100 | 1 |
_aMichael Beaumont _930588 |
|
| 245 | 1 | 0 | _aTipo & Color |
| 264 | 1 |
_bQuarto Publishing _c1988 |
|
| 300 | _a144 páginas | ||
| 336 |
_atexto _2rdacontent |
||
| 337 |
_asin medio _2rdamedia |
||
| 338 |
_avolumen _2rdacarrier |
||
| 999 |
_c11242 _d11242 |
||